000 00718nam a2200265Ia 4500
005 20260121170606.0
008 008 260114s9999 xx 000 0 eng d
020 _a9783319930374
037 _aEBOOK
040 _aCRL
040 _beng
040 _cCRL
041 _2eng
041 _aeng
084 _qCRL
100 _aDinh Phung, Vincent S. Tseng, Geoffrey I. Webb, Bao Ho, Mohadeseh Ganji, Lida Rashidi
_91065771
245 0 _aAdvances in Knowledge Discovery and Data Mining
260 _bSpringer
260 _bSpringer
260 _c2018
856 _uhttps://link.springer.com/openurl?genre=book&isbn=978-3-319-93037-4
942 _cEBOOK
999 _c1631501
_d1631501